أفضل طرق الريجيم / (رقم التسجيلة. 23294)

تفاصيل مارك
000 -LEADER
fixed length control field 00474nam a22001697a 4500
005 - DATE AND TIME OF LATEST TRANSACTION
control field 20251108165242.0
008 - FIXED-LENGTH DATA ELEMENTS--GENERAL INFORMATION
fixed length control field 250721s1996 xx 000 0 ara d
082 14 - DEWEY DECIMAL CLASSIFICATION NUMBER
Classification number 613.25/راغ
100 1# - MAIN ENTRY--PERSONAL NAME
Personal name موريس، راغدة
245 10 - TITLE STATEMENT
Title أفضل طرق الريجيم /
250 ## - EDITION STATEMENT
Edition statement ط2 . ، طبعة جديدة و منقحة
264 1# - PRODUCTION, PUBLICATION, DISTRIBUTION, MANUFACTURE, AND COPYRIGHT NOTICE
Place of production, publication, distribution, manufacture بيروت :
Name of producer, publisher, distributor, manufacturer عالم الكتب،
Date of production, publication, distribution, manufacture, or copyright notice 1996.
300 ## - PHYSICAL DESCRIPTION
Extent 166ص
650 17 - SUBJECT ADDED ENTRY--TOPICAL TERM
Topical term or geographic name as entry element الريجيم
942 ## - ADDED ENTRY ELEMENTS (KOHA)
Source of classification or shelving scheme Dewey Decimal Classification
Koha item type كتب
المقتنيات
حالة السحب حالة الفقدان مصدر التصنيف حالة التلف غير قابل للإعارة المكتبة الرئيسية المكتبة الحالية موقع الرف تاريخ التزويد الرقم المتسلسل Total Checkouts رقم الإستدعاء الباركود تاريخ آخر ظهور تاريخ الفاتورة نوع المادة (كوها)
    Dewey Decimal Classification     مكتبة النصر العامة مكتبة النصر العامة الإعارة 10/04/2015 [ 9014 ]   613.25/راغ PLD00382823 28/07/2025 10/04/2015 كتب
    Dewey Decimal Classification     مكتبة حمزة العامة مكتبة حمزة العامة الإعارة 10/06/2015 [5882].   613.25/راغ PLD00330282 28/07/2025 10/06/2015 كتب
    Dewey Decimal Classification     مكتبة وادي السير العامة مكتبة وادي السير العامة الإعارة 24/02/2016 [7127]...   613.25/راغ PLD00375920 28/07/2025 24/02/2016 كتب
Implemented & Customized by: BBB with SCIT (Smart Chains for Information Technology)

Powered by Koha